|
|
|
|
| LEADER |
00000nab a2200000 a 4500 |
| 001 |
vtls000896608 |
| 003 |
SK-MaSNL |
| 005 |
20260304201407.0 |
| 008 |
040720e19971205xo 0 slo |
| 035 |
|
|
|a KE5632
|
| 040 |
|
|
|a KEVKJB
|b slo
|c KEVKJB
|e AACR2
|
| 041 |
0 |
|
|a slo
|
| 044 |
|
|
|a xo
|c SK
|
| 080 |
|
|
|a 784.66
|2 1981
|
| 100 |
1 |
|
|a Petruška, Igor
|4 aut
|9 267743
|
| 245 |
1 |
0 |
|a Dilema sa neškatuľkuje
|b Na 19. ročníku Hudobného festivalu Myslava'97 znel rap, grunge i kresťanský rock
|
| 500 |
|
|
|a Magazín,2, č.48, s.5. Obr.1
|
| 611 |
1 |
7 |
|a Hudobný festival Myslava '97
|2 KEVKJB
|9 1533197
|
| 650 |
0 |
7 |
|a populárna hudba
|2 KEVKJB
|9 3428
|
| 650 |
0 |
7 |
|a hudobné festivaly
|2 KEVKJB
|9 2958
|
| 650 |
0 |
7 |
|a priebeh
|2 KEVKJB
|9 29559
|
| 650 |
0 |
7 |
|a výsledky
|2 KEVKJB
|9 493505
|
| 650 |
0 |
7 |
|a informácie
|2 KEVKJB
|9 1285
|
| 651 |
|
7 |
|a Košice (Slovensko)
|2 KEVKJB
|9 18694
|
| 651 |
|
7 |
|a Myslava (Košice II, Slovensko)
|2 KEVKJB
|9 20247
|
| 651 |
|
7 |
|a Košice (Slovensko)
|2 KEVKJB
|9 18694
|
| 651 |
|
7 |
|a KE,
|2 KEVKJB
|9 877256
|
| 651 |
|
7 |
|a KE,
|2 KEVKJB
|9 877256
|
| 655 |
|
7 |
|a periodikum
|2 snkbucl
|9 29553
|
| 773 |
0 |
8 |
|t Košický večer
|g Roč. 8
|g Roč. 29, 5.12.1997
|
| 852 |
|
|
|a ZVYKNI
|b KIS3GCP
|
| 999 |
|
|
|c 3094765
|d 3096695
|